| 000 | 01032nam0a2200313 4500 | ||
|---|---|---|---|
| 001 | RU\NLR\bibl\529360 | ||
| 005 | 20250609150907.0 | ||
| 010 |
_a5-7501-0393-5 _9300 |
||
| 021 |
_aRU _b2004-29110 _91467 |
||
| 035 | _a(NLR Aleph) 000521693 | ||
| 090 |
_a1297268 _c1297268 |
||
| 100 | _a20040611d2003 |||y0rusy50 ca | ||
| 101 | 0 | _arus | |
| 102 | _aRU | ||
| 105 | _aa ||||||||| | ||
| 200 | 1 |
_aПредприниматели Южного Урала _fЗ.И. Гудкова |
|
| 210 |
_aУфа _cГилем _d2003 |
||
| 215 |
_a215 с., [6] л. ил. _d20 |
||
| 606 | 0 |
_aБлаготворительность _yУрал _92253471 _3RU\NLR\auth\661351543 |
|
| 606 | 0 |
_aПредприниматели _yУрал _92182346 _3RU\NLR\auth\661312282 |
|
| 686 | _aУ27(28)68 | ||
| 686 | _aУ9(28)-13(2Р36) | ||
| 700 | 1 |
_aГудкова _bЗ. И. _gЗинаида Ивановна _4070 |
|
| 801 | 0 |
_aRU _bNLR _c20040611 _gPSBO |
|
| 801 | 1 |
_aRU _bNLR _c20040611 |
|
| 830 | _aавт. по кн. | ||
| 942 | _cBOOK | ||
| 980 | _aNB | ||